logo

Bir Sreshtho Munshi Abdur Rouf Library
Jhenaidah Cadet College

Elements of geology / (Record no. 4670)

MARC details
000 -LEADER
fixed length control field 00650nam a2200241 a 4500
001 - CONTROL NUMBER
JCCL Control Number 4670
003 - CONTROL NUMBER IDENTIFIER
JCCL marc code BD-JhCC
005 - DATE AND TIME OF LATEST TRANSACTION
control field 20171129181501.0
008 - FIXED-LENGTH DATA ELEMENTS--GENERAL INFORMATION
fixed length control field 950711s19581962nyua b 001 0 eng d
035 ## - SYSTEM CONTROL NUMBER
system control number (BD-JhCC)4670
040 ## - CATALOGING SOURCE
Original cataloging agency BD-JhCC
Modifying agency BD-JhCC
041 ## - LANGUAGE CODE
Language code of Book eng
050 #0 - LIBRARY OF CONGRESS CALL NUMBER
Classification number QE28
Item number Z8
082 ## - DEWEY DECIMAL CLASSIFICATION NUMBER
Classification number 551
Author mark and Year ZUM 1962
100 1# - MAIN ENTRY--PERSONAL NAME
Personal name Zumberge, James H.
245 10 - TITLE STATEMENT
Title Elements of geology /
Statement of responsibility, etc James H. Zumberge
260 ## - PUBLICATION, DISTRIBUTION, ETC. (IMPRINT)
Place of publication, distribution, etc New York :
Name of publisher, distributor, etc Wiley ;
Place of publication, distribution, etc London :
Name of publisher, distributor, etc Chapman & Hall,
Date of publication, distribution, etc 1962.
300 ## - PHYSICAL DESCRIPTION
Pagination viii, 382 p. :
Other physical details ill. ;
Dimensions 24 cm
504 ## - BIBLIOGRAPHY, ETC. NOTE
Bibliography, etc Includes bibliographical references and index
650 #0 - SUBJECT ADDED ENTRY--TOPICAL TERM
Topical term or geographic name as entry element Geology
942 ## - ADDED ENTRY ELEMENTS (KOHA)
Source of classification or shelving scheme Dewey Decimal Classification
Koha item type Books
Holdings
Source of classification or shelving scheme Damaged status Not for loan Home library Current library Shelving location Date of accession Total Checkouts Full call number Barcode Date last seen Copy number Koha item type
Dewey Decimal Classification     JCC Rouf Library JCC Rouf Library General Stacks 11/29/2017   551 ZUM 1962 6610 11/29/2017 C - 1 Books

JCC Library | Contacts | JCC Home

Last Update on 23 September 2017
Copyright @ 2017-2020 JCC Rouf Library
Rouf Library, Jhenidah Cadet College (JCC), Bangladesh